| 000 | 00349nam a2200133Ia 4500 | ||
|---|---|---|---|
| 008 | 230917s9999||||xx |||||||||||||| ||und|| | ||
| 040 |
_e107566 _aMAIN |
||
| 041 | _aEnglish | ||
| 082 | _a373 S71S | ||
| 100 | _aSunita Devi | ||
| 245 | 0 | _aStudy of the personality traits of childern of working and non-working mother | |
| 300 | _a52 p. | ||
| 942 | _cTH | ||
| 999 |
_c89131 _d89131 |
||